000 00495nam a22001937a 4500
003 MPLRDC
005 20220104142738.0
008 210129b ||||| |||| 00| 0 eng d
020 _a957-451-205-3
082 _a494 STZN
100 _a山田昭男
245 _a打败日本松下的经营策略
_c林文怡译
250 _a初版
260 _a
_b新曲文化事业有限公司
_c2005
300 _b
490 _a管理菁英. R1
650 _a企业管理
942 _cBK
_o494 STZN
999 _c33377
_d33367